Statystyki dla Najpopularniejsze fast foodownię w Polsce.

Kliknij tutaj aby rozwiązać quiz!

Ogólne statystyki

  • Ten quiz został rozwiązany 173 razy
  • Średni wynik to 5 z 7

Statystyki odpowiedzi

HintOdpowiedź% Poprawnych
210Kfc
100%
510Mc donald's
99%
45Burger king
93%
154Pizza hut
73%
129Subway
71%
113Domino's pizza
41%
193Da grasso
30%

Rozkład punktacji

Percentyl według liczby udzielonych odpowiedzi

Procent ludzi z każdym wynikiem

Twoja historia wyników

Nie rozwiązałeś tego quizu